[Event "FRA-chT Top 16 Gp Haute"]
[Site "Chartres"]
[Date "2023.06.09"]
[Round "2.4"]
[White "Cornette, Matthieu"]
[Black "Crut, Aurelien"]
[Result "1-0"]
[WhiteElo "2578"]
[BlackElo "2343"]
[PlyCount "63"]
[EventDate "2023.06.08"]
[EventType "team-tourn"]
[EventRounds "4"]
[EventCountry "FRA"]
[SourceTitle "CBM 214 Extra"]
[Source "ChessBase"]
[SourceDate "2023.07.31"]
[SourceVersion "1"]
[SourceVersionDate "2023.07.31"]
[SourceQuality "1"]
[WhiteTeam "Asnieres"]
[BlackTeam "Lyon"]
[WhiteTeamCountry "FRA"]
[BlackTeamCountry "FRA"]

1. e4 e6 2. d4 d5 3. Nc3 Nc6 4. Nf3 Nf6 5. Bd3 Nb4 6. Bg5 Be7 7. e5 Nd7 8. Bxe7 Qxe7 9. 0-0 0-0 10. Re1 c5 11. dxc5 Nxc5 12. Bf1 Nc6 13. a3 f6 14. exf6 Qxf6 15. Qd2 Nd7 16. Nb5 Nb6 17. a4 Rb8 18. a5 Na8 19. c4 a6 20. cxd5 exd5 21. Qxd5+ Kh8 22. Nd6 Nc7 23. Qd2 Bg4 24. Ra3 Rbd8 25. Rd3 Ne6 26. Ne4 Rxd3 27. Bxd3 Qd8 28. Neg5 Nxg5 29. Nxg5 h6 30. Ne6 Bxe6 31. Rxe6 Qxa5 32. Rxh6+ 1-0

[Event "FRA-chT Top 16 GpA"]
[Site "Chartres"]
[Date "2023.06.06"]
[Round "6.15"]
[White "Maze, Sebastien"]
[Black "Crut, Aurelien"]
[Result "1-0"]
[WhiteElo "2539"]
[BlackElo "2348"]
[PlyCount "123"]
[EventDate "2023.06.01"]
[EventType "team-tourn"]
[EventRounds "7"]
[EventCountry "FRA"]
[SourceTitle "CBM 214 Extra"]
[Source "ChessBase"]
[SourceDate "2023.07.31"]
[SourceVersion "1"]
[SourceVersionDate "2023.07.31"]
[SourceQuality "1"]
[WhiteTeam "Bischwiller"]
[BlackTeam "Lyon"]
[WhiteTeamCountry "FRA"]
[BlackTeamCountry "FRA"]

1. e4 e6 2. d4 d5 3. Nc3 Nc6 4. Nf3 Nf6 5. Bg5 Be7 6. Bd3 Nb4 7. e5 Nd7 8. Bxe7 Qxe7 9. 0-0 0-0 10. Re1 b6 11. Ne2 c5 12. Nf4 a5 13. Bb5 Bb7 14. c3 Nc6 15. h4 Rfc8 16. a3 Nf8 17. g3 Rc7 18. Nh5 cxd4 19. Bxc6 Bxc6 20. Nxd4 Ng6 21. Qg4 Bd7 22. Kh2 Rc4 23. Nf4 Nxf4 24. gxf4 f5 25. Qg3 Kh8 26. Rg1 Rf8 27. Qh3 b5 28. Rg3 Rg8 29. b4 a4 30. Rag1 Be8 31. h5 Rc7 32. Kg2 Bd7 33. Kf1 Rcc8 34. Rg6 Qf7 35. Ke1 Rce8 36. Kd2 Rc8 37. R1g3 Rcd8 38. Nf3 h6 39. Nd4 Rc8 40. Qg2 Rce8 41. Qg1 Rc8 42. f3 Qe7 43. Ne2 Rcd8 44. Qb6 Kh7 45. Qc7 Qh4 46. Ke3 Qxh5 47. Rxg7+ Rxg7 48. Rxg7+ Kxg7 49. Qxd8 Qf7 50. Nc1 d4+ 51. Kxd4 Bc6 52. Nd3 Bxf3 53. c4 bxc4 54. Nc5 Bd5 55. Nd7 Bc6 56. Nc5 Bd5 57. b5 Qg6 58. Qe7+ Kg8 59. Kc3 Qg3+ 60. Kb4 Qe1+ 61. Kxa4 c3 62. Nd7 1-0

[Event "FRA-chT Top 16 GpA"]
[Site "Chartres"]
[Date "2023.06.01"]
[Round "1.3"]
[White "Philippe, Christophe"]
[Black "Crut, Aurelien"]
[Result "1/2-1/2"]
[WhiteElo "2347"]
[BlackElo "2348"]
[PlyCount "42"]
[EventDate "2023.06.01"]
[EventType "team-tourn"]
[EventRounds "7"]
[EventCountry "FRA"]
[SourceTitle "CBM 214 Extra"]
[Source "ChessBase"]
[SourceDate "2023.07.31"]
[SourceVersion "1"]
[SourceVersionDate "2023.07.31"]
[SourceQuality "1"]
[WhiteTeam "Vandoeuvre"]
[BlackTeam "Lyon"]
[WhiteTeamCountry "FRA"]
[BlackTeamCountry "FRA"]

1. e4 e6 2. d4 d5 3. Nc3 Be7 4. Nf3 Nf6 5. Bd3 c5 6. exd5 exd5 7. dxc5 Bxc5 8. 0-0 0-0 9. Bg5 Be6 10. h3 h6 11. Bh4 Nc6 12. a3 Be7 13. Re1 Re8 14. Nb5 Qb6 15. Nbd4 Nxd4 16. Nxd4 Ne4 17. Bxe7 Qxd4 18. Bxe4 Qxd1 19. Raxd1 dxe4 20. Bb4 f5 21. Rd6 Rad8 1/2-1/2

[Event "FRA-chT Top 16 GpB"]
[Site "Chartres"]
[Date "2022.06.12"]
[Round "4.2"]
[White "Vocaturo, Daniele"]
[Black "Crut, Aurelien"]
[Result "1/2-1/2"]
[WhiteElo "2608"]
[BlackElo "2354"]
[PlyCount "240"]
[EventDate "2022.06.09"]
[EventType "team-tourn"]
[EventRounds "7"]
[EventCountry "FRA"]
[SourceTitle "CBM 208 Extra"]
[Source "ChessBase"]
[SourceDate "2022.07.31"]
[SourceVersion "1"]
[SourceVersionDate "2022.07.31"]
[SourceQuality "1"]
[WhiteTeam "Clichy Echecs 92"]
[BlackTeam "Lyon"]
[WhiteTeamCountry "FRA"]
[BlackTeamCountry "FRA"]

1. e4 e6 2. d4 d5 3. Nc3 Be7 4. Bd3 Nc6 5. Nf3 Nb4 6. Be2 dxe4 7. Nxe4 Nf6 8. Nxf6+ Bxf6 9. a3 Nc6 10. Bb5 Bd7 11. 0-0 0-0 12. Re1 Ne7 13. Bf1 Ng6 14. c3 Bc6 15. Bd3 Re8 16. Bxg6 hxg6 17. Bf4 b6 18. Ne5 Bb7 19. Qg4 Qe7 20. Nc4 Rad8 21. Qg3 Bh4 22. Qh3 Bf6 23. Qg3 Bh4 24. Qe3 Bf6 25. Rad1 Qd7 26. Qg3 Rc8 27. Be5 Qc6 28. Ne3 Bxe5 29. dxe5 Rcd8 30. Qg5 Rd7 31. h4 Ree7 32. Qg4 Rxd1 33. Rxd1 Rd7 34. Rd4 Rxd4 35. Qxd4 Qe8 36. f4 Bc6 37. Kf2 Qe7 38. g3 Kf8 39. b4 Qd7 40. Qxd7 Bxd7 41. Ke2 Bb5+ 42. c4 Ba6 43. Kd3 Ke7 44. Kd4 Bb7 45. Nd1 Kd7 46. Nc3 Bc6 47. a4 Kc8 48. c5 Kd7 49. Kc4 Kc8 50. b5 Bg2 51. Kb4 Bf3 52. a5 Kb7 53. Nb1 Be4 54. Nd2 Bd5 55. Nf1 Bf3 56. Ne3 Be2 57. Nc2 Bd3 58. Nd4 Be4 59. g4 Kc8 60. g5 Kb7 61. Ne2 Bf3 62. Nc3 Kc8 63. Na4 Kb7 64. Nb2 Be2 65. Na4 Bf3 66. Nc3 Kc8 67. Nb1 Kb7 68. Nd2 Bd5 69. Nf1 Bf3 70. Nd2 Bd5 71. Nb1 Be4 72. Nc3 Bf3 73. cxb6 cxb6 74. axb6 axb6 75. Kc4 Kc7 76. Kd4 Bg2 77. Ke3 Kd7 78. Kf2 Bb7 79. Kg3 Ba8 80. Kg4 Bg2 81. Kg3 Bb7 82. Ne2 Be4 83. Nd4 Bd3 84. Kf2 Ke7 85. Ke3 Bf1 86. Kd2 Kd7 87. Kc3 Ke7 88. Kb4 Bd3 89. Nb3 Kd7 90. Nc1 Bf1 91. Na2 Bd3 92. Nc3 Kc7 93. Nd1 Kd7 94. Nf2 Bc2 95. Kc3 Bf5 96. Kd4 Bc2 97. Kc3 Bf5 98. Nd1 Bg4 99. Nf2 Bf5 100. Kd4 Bc2 101. Nh1 Ba4 102. Kc4 Bd1 103. Ng3 Bf3 104. Kd4 Ke7 105. Ke3 Bd5 106. Ne2 Bc4 107. Nc3 Bf1 108. Kd4 Kd8 109. Ke3 Ke7 110. Na4 Bxb5 111. Nxb6 Bc6 112. Kd4 Bf3 113. Kc5 Bg2 114. Nc4 Bd5 115. Nd6 Bf3 116. Kd4 Bg2 117. Ke3 Bc6 118. Kf2 Bd5 119. Kg3 Bb3 120. Kg4 Bd1+ 1/2-1/2

[Event "FRA-chT 16 Final-B"]
[Site "Playchess.com INT"]
[Date "2021.01.17"]
[Round "12"]
[White "Mathieu, Phileas"]
[Black "Crut, Aurelien"]
[Result "1-0"]
[WhiteElo "2240"]
[BlackElo "2359"]
[PlyCount "75"]
[EventDate "2021.01.16"]
[EventType "team-tourn (blitz)"]
[EventRounds "15"]
[EventCountry "FRA"]
[SourceTitle "CBM 200 Extra"]
[Source "ChessBase"]
[SourceDate "2021.03.31"]
[SourceVersion "1"]
[SourceVersionDate "2021.03.31"]
[SourceQuality "1"]
[WhiteTeam "Vandoeuvre"]
[BlackTeam "Lyon"]
[WhiteTeamCountry "FRA"]
[BlackTeamCountry "FRA"]

1. e4 e6 2. d3 d5 3. Qe2 Ne7 4. Nf3 c5 5. g3 Nbc6 6. Bg2 g6 7. 0-0 Bg7 8. c3 b6 9. a4 Ba6 10. e5 Qc7 11. Re1 h6 12. h4 0-0 13. Na3 f5 14. exf6 Rxf6 15. Bf4 Rxf4 16. gxf4 Qxf4 17. Qxe6+ Kh7 18. Nb5 Rf8 19. Re2 Bc8 20. Qe3 Qg4 21. Rae1 Nf5 22. Qd2 Nxh4 23. Nxh4 Qxh4 24. Bxd5 Qg4+ 25. Bg2 Rf5 26. Re4 Qg5 27. Qxg5 Rxg5 28. f4 Rg3 29. R4e3 Rxe3 30. Rxe3 Na5 31. Nxa7 Bf5 32. Bd5 h5 33. Kh2 Bh6 34. Re7+ Kh8 35. Kg3 Bxd3 36. Be4 Bxe4 37. Rxe4 Kg7 38. Nc8 1-0

[Event "FRA-chT 16 Final-B"]
[Site "Playchess.com INT"]
[Date "2021.01.16"]
[Round "4"]
[White "Buscara, Sevan"]
[Black "Crut, Aurelien"]
[Result "1/2-1/2"]
[WhiteElo "2411"]
[BlackElo "2359"]
[PlyCount "99"]
[EventDate "2021.01.16"]
[EventType "team-tourn (blitz)"]
[EventRounds "15"]
[EventCountry "FRA"]
[SourceTitle "CBM 200 Extra"]
[Source "ChessBase"]
[SourceDate "2021.03.31"]
[SourceVersion "1"]
[SourceVersionDate "2021.03.31"]
[SourceQuality "1"]
[WhiteTeam "Lyon"]
[BlackTeam "Lyon"]
[WhiteTeamCountry "FRA"]
[BlackTeamCountry "FRA"]

1. e4 e6 2. d4 d5 3. e5 c5 4. c3 Nc6 5. Nf3 Bd7 6. a3 f6 7. Bd3 Qc7 8. 0-0 0-0-0 9. Bf4 h6 10. h4 c4 11. Bc2 Be8 12. g4 fxe5 13. Nxe5 Nxe5 14. Bxe5 Bd6 15. f4 h5 16. g5 Bxe5 17. fxe5 Ne7 18. Nd2 Bg6 19. Bxg6 Nxg6 20. Qe1 Rdf8 21. Qg3 Ne7 22. Rf2 Rxf2 23. Qxf2 Nf5 24. Nf1 Rf8 25. Ne3 g6 26. Rf1 Qe7 27. Nxf5 Rxf5 28. Qg2 Qf7 29. Qh3 Rxf1+ 30. Qxf1 Qxf1+ 31. Kxf1 Kd7 32. Ke2 Kc6 33. Kd2 Kb5 34. Kd1 Ka4 35. Kc2 b6 36. Kd2 Kb3 37. Kc1 b5 38. Kb1 a6 39. Kc1 a5 40. Kb1 b4 41. axb4 axb4 42. cxb4 Kxb4 43. Kc2 Ka4 44. Kc3 Kb5 45. b3 cxb3 46. Kxb3 Ka5 47. Ka3 Kb5 48. Kb3 Ka5 49. Ka3 Kb5 50. Kb3 1/2-1/2

[Event "FRA-chT 16 Final-B"]
[Site "Playchess.com INT"]
[Date "2021.01.16"]
[Round "5"]
[White "Crut, Aurelien"]
[Black "Fantinel, Thibault"]
[Result "1/2-1/2"]
[WhiteElo "2359"]
[BlackElo "2375"]
[PlyCount "174"]
[EventDate "2021.01.16"]
[EventType "team-tourn (blitz)"]
[EventRounds "15"]
[EventCountry "FRA"]
[SourceTitle "CBM 200 Extra"]
[Source "ChessBase"]
[SourceDate "2021.03.31"]
[SourceVersion "1"]
[SourceVersionDate "2021.03.31"]
[SourceQuality "1"]
[WhiteTeam "Lyon"]
[BlackTeam "Agen"]
[WhiteTeamCountry "FRA"]
[BlackTeamCountry "FRA"]

1. e4 c5 2. Nf3 Nc6 3. Bb5 g6 4. 0-0 Bg7 5. Re1 Nf6 6. c3 0-0 7. h3 Qb6 8. Bf1 e5 9. d3 d5 10. Nbd2 Qc7 11. exd5 Nxd5 12. Nc4 b6 13. a4 Bb7 14. Qb3 Rad8 15. a5 Kh8 16. axb6 axb6 17. Bg5 f6 18. Bd2 Rd7 19. Nh2 Nce7 20. Ng4 Bc6 21. Nge3 Rb8 22. Nxd5 Bxd5 23. Qc2 b5 24. Ne3 Bc6 25. Ra6 Ra8 26. Rxa8+ Bxa8 27. Ra1 Bc6 28. Be1 Qb7 29. Qb3 Nd5 30. Nxd5 Bxd5 31. Qa3 Qc7 32. b4 c4 33. dxc4 bxc4 34. Qa5 h5 35. Qxc7 Rxc7 36. Bd2 f5 37. Ra5 Bf7 38. Rc5 Rxc5 39. bxc5 Bf6 40. c6 Bd8 41. h4 Kg7 42. Bg5 Bc7 43. f3 Bd5 44. Kf2 Kf7 45. Be2 Ke6 46. g4 f4 47. gxh5 gxh5 48. Bd1 Bxc6 49. Ke2 Ba5 50. Kd2 Kf5 51. Be2 Bd5 52. Be7 e4 53. fxe4+ Kxe4 54. Bxh5 f3 55. Bc5 Kf4 56. Bg6 Kg3 57. h5 Bc7 58. Ke1 Kg2 59. h6 Bg3+ 60. Kd1 f2 61. Bxf2 Kxf2 62. h7 Be5 63. Kd2 Kf3 64. Bh5+ Kf4 65. Bg6 Be4 66. Bf7 Bd3 67. Bg8 Kg5 68. Bd5 Kg6 69. Bg8 Kg7 70. Bd5 Kxh7 71. Be6 Kg6 72. Bd5 Kf5 73. Bg8 Bf4+ 74. Kd1 Ke4 75. Bh7+ Ke3 76. Bg8 Be5 77. Kc1 Bxc3 78. Bxc4 Bxc4 79. Kc2 Be5 80. Kd1 Bb3+ 81. Ke1 Bc2 82. Kf1 Bd3+ 83. Ke1 Bc3+ 84. Kd1 Bb4 85. Kc1 Bc5 86. Kd1 Bd4 87. Kc1 Ke2 1/2-1/2

[Event "FRA-chT Top 16 La Bourdonnais"]
[Site "Playchess.com INT"]
[Date "2021.01.09"]
[Round "2"]
[White "Crut, Aurelien"]
[Black "Burri, Quentin"]
[Result "1/2-1/2"]
[WhiteElo "2359"]
[BlackElo "2415"]
[PlyCount "75"]
[EventDate "2021.01.09"]
[EventType "team-tourn (rapid)"]
[EventRounds "12"]
[EventCountry "FRA"]
[SourceTitle "CBM 200 Extra"]
[Source "ChessBase"]
[SourceDate "2021.03.31"]
[SourceVersion "1"]
[SourceVersionDate "2021.03.31"]
[SourceQuality "1"]
[WhiteTeam "Lyon"]
[BlackTeam "Mulhouse"]
[WhiteTeamCountry "FRA"]
[BlackTeamCountry "FRA"]

1. e4 c5 2. Nf3 d6 3. Bb5+ Nd7 4. c3 Ngf6 5. Qe2 a6 6. Ba4 b5 7. Bc2 Bb7 8. 0-0 e5 9. Re1 g6 10. d4 Bg7 11. Nbd2 0-0 12. dxe5 dxe5 13. Nf1 Qc7 14. Bg5 c4 15. Rad1 Nc5 16. Bxf6 Bxf6 17. Ne3 Rad8 18. Nd5 Bxd5 19. Rxd5 Rxd5 20. exd5 Qd6 21. Rd1 Bg7 22. Ng5 Bh6 23. Ne4 Nxe4 24. Qxe4 f5 25. Qe2 Bg7 26. a4 Rd8 27. axb5 axb5 28. b3 Qc5 29. bxc4 bxc4 30. d6 Rxd6 31. Rxd6 Qxd6 32. Qxc4+ Kf8 33. Bb3 Qf6 34. Qc8+ Ke7 35. Qc7+ Kf8 36. Qc8+ Ke7 37. Qc7+ Kf8 38. Qc8+ 1/2-1/2

[Event "Lyon rapid prelim"]
[Site "Lyon"]
[Date "2019.06.23"]
[Round "5"]
[White "Laurent Paoli, Pierre"]
[Black "Crut, Aurelien"]
[Result "0-1"]
[WhiteElo "2338"]
[BlackElo "2384"]
[PlyCount "89"]
[EventDate "2019.06.23"]
[EventType "swiss (rapid)"]
[EventRounds "9"]
[EventCountry "FRA"]
[SourceTitle "CBM 191 Extra"]
[Source "ChessBase"]
[SourceDate "2019.09.30"]
[SourceVersion "1"]
[SourceVersionDate "2019.09.30"]
[SourceQuality "1"]

1. Nf3 d5 2. c4 e6 3. g3 Nf6 4. d4 dxc4 5. Bg2 a6 6. 0-0 b5 7. Ne5 Nd5 8. a4 Bb7 9. b3 cxb3 10. Qxb3 c6 11. e4 Nf6 12. axb5 cxb5 13. d5 exd5 14. exd5 Bxd5 15. Qe3 Qe7 16. Bxd5 Nxd5 17. Qe4 Qe6 18. Rd1 Nc7 19. Qb7 Bd6 20. Rxd6 Qxd6 21. Ba3 Qd1+ 22. Kg2 Qd5+ 23. Qxd5 Nxd5 24. Nd2 f6 25. Nd3 Kf7 26. Ne4 Rd8 27. Nd6+ Kg8 28. Nb7 Rc8 29. Bd6 Nd7 30. h4 N7b6 31. Ndc5 Nc4 32. Bf4 Nxf4+ 33. gxf4 Rc7 34. Rd1 Rac8 35. Rd5 a5 36. h5 h6 37. Kf3 a4 38. Kg4 a3 39. Kf5 a2 40. Rd1 Rxc5+ 41. Nxc5 Rxc5+ 42. Kg6 Rc8 43. Ra1 Ra8 44. f3 b4 45. Re1 0-1

[Event "Lyon rapid prelim"]
[Site "Lyon"]
[Date "2019.06.23"]
[Round "4"]
[White "Tahay, Alexis"]
[Black "Crut, Aurelien"]
[Result "0-1"]
[WhiteElo "2371"]
[BlackElo "2384"]
[PlyCount "132"]
[EventDate "2019.06.23"]
[EventType "swiss (rapid)"]
[EventRounds "9"]
[EventCountry "FRA"]
[SourceTitle "CBM 191 Extra"]
[Source "ChessBase"]
[SourceDate "2019.09.30"]
[SourceVersion "1"]
[SourceVersionDate "2019.09.30"]
[SourceQuality "1"]

1. e4 e6 2. d4 d5 3. Nd2 c5 4. Ngf3 Nc6 5. exd5 exd5 6. Bb5 Qe7+ 7. Be2 Qc7 8. 0-0 Nf6 9. Re1 cxd4 10. Bb5+ Be7 11. Nxd4 a6 12. Bxc6+ bxc6 13. Qe2 Ra7 14. Qe3 c5 15. N4b3 0-0 16. Nf3 Bd6 17. Qg5 Bg4 18. Qh4 Bxf3 19. gxf3 Nd7 20. Qh3 Ne5 21. f4 Nc4 22. Qf3 Qb7 23. Rd1 Re8 24. Be3 d4 25. Qxb7 Rxb7 26. Bd2 Nxb2 27. Re1 Rbe7 28. Rxe7 Rxe7 29. Kf1 Nc4 30. Bc1 f5 31. Rb1 Rb7 32. Ke2 Kf7 33. Kd3 Na5 34. Bd2 Nxb3 35. axb3 Ke6 36. Ra1 Rb6 37. Kc4 Be7 38. Re1+ Kd7 39. Kd5 Rh6 40. Ra1 Rxh2 41. Rxa6 Rxf2 42. Ra7+ Ke8 43. Ba5 Rxc2 44. Ke6 Re2+ 45. Kxf5 d3 46. Ra8+ Kd7 47. Ra7+ Ke8 48. Ra8+ Kf7 49. Ra7 g6+ 50. Kg4 d2 51. Rd7 Ke6 52. Rd3 Re4 53. Rxd2 Bd6 54. Kf3 Rxf4+ 55. Ke3 Rg4 56. Rf2 Be5 57. Rf8 Bd4+ 58. Kd3 Rg3+ 59. Kc4 h5 60. Bc7 Rg4 61. Kd3 Kd7 62. Bb8 h4 63. Rf7+ Ke6 64. Rh7 g5 65. Ba7 Rg3+ 66. Ke4 Re3# 0-1

[Event "Metz op 31th"]
[Site "Metz"]
[Date "2013.04.24"]
[Round "4"]
[White "Crut, Aurelien"]
[Black "Roesch, Mario"]
[Result "1/2-1/2"]
[WhiteElo "2367"]
[BlackElo "2022"]
[PlyCount "44"]
[EventDate "2013.04.20"]
[EventType "swiss"]
[EventRounds "9"]
[EventCountry "FRA"]
[SourceTitle "EXT 2016"]
[Source "ChessBase"]
[SourceDate "2015.10.08"]
[SourceVersion "1"]
[SourceVersionDate "2015.10.08"]
[SourceQuality "1"]

1. e4 d5 2. exd5 Qxd5 3. Nc3 Qd8 4. d4 Nf6 5. Nf3 Bg4 6. h3 Bxf3 7. Qxf3 c6 8. Be3 e6 9. 0-0-0 Bb4 10. Bg5 Bxc3 11. Qxc3 Ne4 12. Bxd8 Nxc3 13. bxc3 Kxd8 14. c4 Ke7 15. g3 Nd7 16. c3 Rac8 17. Bg2 Rhd8 18. Kc2 Nf6 19. Rhe1 b6 20. Rd2 Kf8 21. Red1 Ke7 22. Re1 Kf8 1/2-1/2

[Event "Metz op 31th"]
[Site "Metz"]
[Date "2013.04.23"]
[Round "6"]
[White "Keller, Christophe"]
[Black "Crut, Aurelien"]
[Result "0-1"]
[WhiteElo "2160"]
[BlackElo "2367"]
[PlyCount "58"]
[EventDate "2013.04.20"]
[EventType "swiss"]
[EventRounds "9"]
[EventCountry "FRA"]
[SourceTitle "EXT 2016"]
[Source "ChessBase"]
[SourceDate "2015.10.08"]
[SourceVersion "1"]
[SourceVersionDate "2015.10.08"]
[SourceQuality "1"]

1. e4 e6 2. d4 d5 3. e5 c5 4. c3 Nc6 5. Nf3 Bd7 6. a3 f6 7. Bd3 c4 8. Bc2 Qc7 9. 0-0 0-0-0 10. Re1 fxe5 11. Nxe5 Nxe5 12. Bf4 Qb6 13. Bxe5 Qxb2 14. Nd2 Ne7 15. Rb1 Qxc3 16. Rb4 Nc6 17. Re3 Bxb4 18. Rxc3 Bxc3 19. Bxg7 Bxd4 20. Bxh8 Rxh8 21. Qg4 e5 22. Bf5 Rd8 23. Qh3 Bxf5 24. Qxf5+ Rd7 25. Kf1 Bc5 26. f4 Be3 27. Nb1 Bd4 28. Ke2 exf4 29. Kd2 Be5 0-1

[Event "Metz op 31th"]
[Site "Metz"]
[Date "2013.04.21"]
[Round "2"]
[White "Crut, Aurelien"]
[Black "Shchekachev, Andrei"]
[Result "0-1"]
[WhiteElo "2367"]
[BlackElo "2520"]
[PlyCount "62"]
[EventDate "2013.04.20"]
[EventType "swiss"]
[EventRounds "9"]
[EventCountry "FRA"]
[SourceTitle "EXT 2016"]
[Source "ChessBase"]
[SourceDate "2015.10.08"]
[SourceVersion "1"]
[SourceVersionDate "2015.10.08"]
[SourceQuality "1"]

1. e4 c5 2. Nf3 d6 3. Bb5+ Nd7 4. d4 Ngf6 5. Nc3 cxd4 6. Qxd4 h6 7. e5 dxe5 8. Nxe5 a6 9. Bxd7+ Bxd7 10. Bf4 Bb5 11. 0-0-0 Qxd4 12. Rxd4 e6 13. Rhd1 Bc5 14. R4d2 0-0 15. a3 Rfc8 16. Be3 Bxe3 17. fxe3 Be8 18. Rd6 Rc5 19. Nf3 Rac8 20. Rd8 Kf8 21. R1d4 R8c7 22. e4 Ke7 23. Rb8 Nd7 24. Ra8 Nb6 25. Rb8 Nc4 26. Rdd8 Bd7 27. Rg8 Nxb2 28. Kxb2 Rxc3 29. Rxb7 Rxc2+ 30. Kb1 Rc1+ 31. Ka2 Rxb7 0-1

[Event "FRA-ch Accession"]
[Site "Pau"]
[Date "2012.08.24"]
[Round "10"]
[White "Favarel, Antoine"]
[Black "Crut, Aurelien"]
[Result "1/2-1/2"]
[WhiteElo "2267"]
[BlackElo "2336"]
[PlyCount "79"]
[EventDate "2012.08.14"]
[EventType "swiss"]
[EventRounds "11"]
[EventCountry "FRA"]
[SourceTitle "CBM 150 Extra"]
[Source "ChessBase"]
[SourceDate "2012.10.19"]
[SourceVersion "1"]
[SourceVersionDate "2012.10.19"]
[SourceQuality "1"]

1. d4 d5 2. c4 e6 3. Nf3 Nf6 4. g3 dxc4 5. Bg2 c6 6. Ne5 Bb4+ 7. Bd2 Be7 8. Be3 Nd5 9. Nxc4 Nxe3 10. fxe3 c5 11. Nc3 cxd4 12. exd4 Nc6 13. e3 0-0 14. 0-0 Rb8 15. Rc1 Bd7 16. a4 a6 17. Ne4 b5 18. axb5 axb5 19. Ne5 Nxe5 20. dxe5 Rc8 21. Qd4 Bc6 22. Nd6 Bxd6 23. exd6 Bxg2 24. Kxg2 Qd7 25. e4 f6 26. e5 fxe5 27. Rxf8+ Rxf8 28. Qxe5 Rf5 29. Rc7 Rxe5 30. Rxd7 Rd5 31. Kf3 h5 32. Rb7 Rxd6 33. Rxb5 Rd2 34. Rxh5 Rxb2 35. h4 Kf7 36. Rg5 Rb3+ 37. Kf4 Rb4+ 38. Kf3 Rb3+ 39. Kf4 Rb4+ 40. Kf3 1/2-1/2

[Event "FRA-ch Accession"]
[Site "Pau"]
[Date "2012.08.16"]
[Round "3"]
[White "Crut, Aurelien"]
[Black "Apicella, Manuel"]
[Result "1/2-1/2"]
[WhiteElo "2336"]
[BlackElo "2540"]
[PlyCount "84"]
[EventDate "2012.08.14"]
[EventType "swiss"]
[EventRounds "11"]
[EventCountry "FRA"]
[SourceTitle "CBM 150 Extra"]
[Source "ChessBase"]
[SourceDate "2012.10.19"]
[SourceVersion "1"]
[SourceVersionDate "2012.10.19"]
[SourceQuality "1"]

1. e4 e6 2. d4 d5 3. Nc3 Bb4 4. exd5 exd5 5. Bd3 Nc6 6. a3 Ba5 7. Be3 Bb6 8. Qh5 Bxd4 9. Bxd4 Nxd4 10. Qxd5 Qe7+ 11. Ne4 Ne6 12. 0-0-0 a6 13. Nf3 Nf6 14. Nxf6+ Qxf6 15. Rhe1 0-0 16. Qe5 Qxe5 17. Nxe5 Nc5 18. Bc4 Be6 19. Bxe6 Nxe6 20. Rd7 Rad8 21. Red1 Rxd7 22. Rxd7 f6 23. Nd3 Rf7 24. Rxf7 Kxf7 25. Kd2 Ke7 26. Ke3 Kd6 27. Ke4 g6 28. f4 f5+ 29. Ke3 c5 30. Ne5 b5 31. c4 bxc4 32. Nxc4+ Kd5 33. Nb6+ Kc6 34. Nc4 Kb5 35. Nd2 c4 36. g3 Kc5 37. Nb1 Nd4 38. Nc3 Nb3 39. Na4+ Kb5 40. Nc3+ Kc5 41. Na4+ Kb5 42. Nc3+ Kc5 1/2-1/2

[Event "Lille Luce op 2nd"]
[Site "Lille"]
[Date "2011.04.30"]
[Round "8"]
[White "Crut, Aurelien"]
[Black "Abergel, Thal"]
[Result "1-0"]
[WhiteElo "2320"]
[BlackElo "2520"]
[PlyCount "109"]
[EventDate "2011.04.25"]
[EventType "swiss"]
[EventRounds "9"]
[EventCountry "FRA"]
[SourceTitle "CBM 142 Extra"]
[Source "ChessBase"]
[SourceDate "2011.06.27"]
[SourceVersion "1"]
[SourceVersionDate "2011.06.27"]
[SourceQuality "1"]

1. e4 c5 2. Nf3 Nc6 3. Bb5 e6 4. 0-0 Nge7 5. c3 a6 6. Be2 d5 7. exd5 Nxd5 8. d4 Be7 9. c4 Nf6 10. dxc5 Qxd1 11. Rxd1 Ne4 12. Be3 Bxc5 13. Nbd2 Bxe3 14. Nxe4 Bf4 15. g3 Bc7 16. Nd6+ Ke7 17. c5 Rd8 18. Nxc8+ Raxc8 19. Rxd8 Rxd8 20. Rd1 Rxd1+ 21. Bxd1 Be5 22. Nxe5 Nxe5 23. Be2 Kd7 24. f4 Nc6 25. Kf2 Nb4 26. a3 Nd5 27. b4 Kc6 28. f5 a5 29. fxe6 fxe6 30. bxa5 Kxc5 31. a6 bxa6 32. Bxa6 Kd4 33. a4 Nc3 34. a5 Ne4+ 35. Ke2 Nc3+ 36. Kf2 Ne4+ 37. Ke2 Nc3+ 38. Kf3 e5 39. Bf1 e4+ 40. Kf2 e3+ 41. Kf3 Nd5 42. a6 Kc5 43. h4 Kb6 44. Bd3 Ka7 45. g4 h6 46. h5 Kb6 47. Bc4 Nf6 48. Be2 Nd5 49. Ke4 Kc5 50. a7 Nc7 51. Kxe3 Kb6 52. Ke4 Kxa7 53. Kf5 Kb6 54. Kg6 Ne8 55. Kf7 1-0

[Event "Lille Luce op 2nd"]
[Site "Lille"]
[Date "2011.04.28"]
[Round "5"]
[White "Crut, Aurelien"]
[Black "Manolache, Marius"]
[Result "0-1"]
[WhiteElo "2320"]
[BlackElo "2546"]
[PlyCount "104"]
[EventDate "2011.04.25"]
[EventType "swiss"]
[EventRounds "9"]
[EventCountry "FRA"]
[SourceTitle "CBM 142 Extra"]
[Source "ChessBase"]
[SourceDate "2011.06.27"]
[SourceVersion "1"]
[SourceVersionDate "2011.06.27"]
[SourceQuality "1"]

1. e4 d6 2. d4 g6 3. Nc3 Bg7 4. f4 Nf6 5. Nf3 0-0 6. Bd3 Nc6 7. 0-0 Bg4 8. Be3 Nd7 9. e5 Nb6 10. a3 dxe5 11. dxe5 f6 12. exf6 exf6 13. h3 Bxf3 14. Qxf3 f5 15. Rad1 Qf6 16. Bb5 Rfd8 17. Bxc6 bxc6 18. Rxd8+ Rxd8 19. Rd1 Re8 20. Bd4 Qe6 21. Bxg7 Kxg7 22. Qd3 h5 23. Qd4+ Kf7 24. a4 h4 25. b3 a5 26. Qf2 Qe7 27. Kf1 Qb4 28. Rd3 Qa3 29. Qd2 Qa1+ 30. Qd1 Qb2 31. Qd2 Re7 32. Nd1 Qb1 33. Kf2 Qa2 34. c4 Qxd2+ 35. Rxd2 Nd7 36. Nb2 Nc5 37. Rd8 Re4 38. Nd3 Nxd3+ 39. Rxd3 Rxf4+ 40. Ke3 Re4+ 41. Kf3 Ke7 42. Rd2 g5 43. Rd3 Re1 44. Kf2 Rb1 45. Re3+ Kd6 46. Rd3+ Kc5 47. Rd7 Rb2+ 48. Kf1 Rxb3 49. Rxc7 Kxc4 50. Rxc6+ Kb4 51. Rf6 Rg3 52. Rxf5 Kxa4 0-1

[Event "Lille Luce op 2nd"]
[Site "Lille"]
[Date "2011.04.26"]
[Round "2"]
[White "Crut, Aurelien"]
[Black "Zhigalko, Andrey"]
[Result "0-1"]
[WhiteElo "2320"]
[BlackElo "2571"]
[PlyCount "85"]
[EventDate "2011.04.25"]
[EventType "swiss"]
[EventRounds "9"]
[EventCountry "FRA"]
[SourceTitle "CBM 142 Extra"]
[Source "ChessBase"]
[SourceDate "2011.06.27"]
[SourceVersion "1"]
[SourceVersionDate "2011.06.27"]
[SourceQuality "1"]

1. e4 c5 2. Nf3 d6 3. Bb5+ Nd7 4. d4 cxd4 5. Qxd4 a6 6. Bxd7+ Bxd7 7. Bg5 Rc8 8. Nc3 h6 9. Bh4 e5 10. Qd3 g5 11. Bg3 Nf6 12. h4 g4 13. Nd2 b5 14. a3 Be7 15. h5 Be6 16. Bh4 Qb6 17. Bxf6 Bxf6 18. Nd5 Bxd5 19. exd5 Bg5 20. Ne4 Be7 21. Ng3 Rc4 22. c3 Rf4 23. 0-0 Bh4 24. b3 0-0 25. c4 bxc4 26. bxc4 Bxg3 27. Qxg3 Rxc4 28. Rac1 Rfc8 29. Rxc4 Rxc4 30. Qh4 Kg7 31. Re1 Qd4 32. Re3 Qxd5 33. Rg3 Qd4 34. Kh2 Qf4 35. f3 f6 36. Qxg4+ Qxg4 37. fxg4 Kf7 38. Kh3 d5 39. Rb3 d4 40. Rb7+ Ke6 41. Rb6+ Kd5 42. Rxf6 d3 43. Rf1 0-1